| Tag |
First Indicator |
Second Indicator |
Subfields |
| LEADER |
00000cam a22000001a 4500 |
| 001 |
in00003255331 |
| 006 |
m d f |
| 007 |
cr bn mmmapmmp |
| 008 |
091022s1992 dcua o f000 0 eng d |
| 005 |
20260511204128.1 |
| 035 |
|
|
|a cis2007460871
|
| 040 |
|
|
|a UMI
|c UMI
|d UtOrBLW
|
| 043 |
|
|
|a n-us---
|
| 074 |
|
|
|a 1035-C, 1035-D (MF)
|
| 086 |
0 |
|
|a Y 4.B 22/3:S.hrg.102-668
|
| 099 |
|
|
|a HRG-1992-BHU-0010
|
| 110 |
1 |
|
|a United States.
|b Congress.
|b Senate.
|b Committee on Banking, Housing, and Urban Affairs.
|
| 245 |
1 |
0 |
|a Nomination of Albert V. Casey :
|b hearing before the Committee on Banking, Housing, and Urban Affairs, United States Senate, One Hundred Second Congress, second session, on nomination of Albert V. Casey, of Texas, to be Chief Executive Officer, Resolution Trust Corporation, January 22, 1992.
|
| 264 |
|
1 |
|a Washington :
|b U.S. G.P.O.,
|c 1992.
|
| 300 |
|
|
|a 1 online resource.
|
| 336 |
|
|
|a text
|b txt
|2 rdacontent
|
| 337 |
|
|
|a computer
|b c
|2 rdamedia
|
| 338 |
|
|
|a online resource
|b cr
|2 rdacarrier
|
| 490 |
1 |
|
|a S. hrg. ;
|v 102-668
|
| 500 |
|
|
|a Record is based on bibliographic data in ProQuest Congressional Hearings Digital Collection. Reuse except for individual research requires license from ProQuest, LLC.
|
| 538 |
|
|
|a System requirements: PDF reader software.
|
| 500 |
|
|
|a Electronic resource.
|
| 600 |
1 |
0 |
|a Casey, Albert V.
|
| 610 |
2 |
0 |
|a Resolution Trust Corporation (U.S.)
|x Officials and employees
|x Selection and appointment.
|
| 655 |
|
7 |
|a Electronic books.
|2 local
|
| 710 |
2 |
|
|a ProQuest (Firm)
|
| 776 |
0 |
8 |
|i Print version:
|a United States. Congress. Senate. Committee on Banking, Housing, and Urban Affairs.
|t Nomination of Albert V. Casey
|w (DGPO)92083566
|w (OCoLC)26532093
|
| 776 |
0 |
8 |
|i Microfiche version:
|a United States. Congress. Senate. Committee on Banking, Housing, and Urban Affairs.
|t Nomination of Albert V. Casey.
|d [Bethesda, Md.] : ProQuest,[2004]
|o CIS 92 S241-38
|w (ProQuest)cis09202329
|
| 810 |
1 |
|
|a United States.
|b Congress.
|b Senate.
|t S. hrg. ;
|v 102-668.
|
| 830 |
|
0 |
|a U.S. Congressional Hearings.
|
| 856 |
4 |
0 |
|u http://proxy.library.tamu.edu/login?url=https://congressional.proquest.com/congcomp/getdoc?HEARING-ID=HRG-1992-BHU-0010
|z Connect to the full text of this electronic book
|t 0
|
| 998 |
|
|
|a cis09202329
|
| 999 |
|
|
|a MARS
|
| 999 |
f |
f |
|s 2d7a00c9-7c9b-387c-9943-8dc0f2c2e15c
|i 8fd4d44e-b417-37a6-abe5-3cf3cbabc194
|t 0
|
| 952 |
f |
f |
|a Texas A&M University
|b College Station
|c Electronic Resources
|s www_evans
|d Available Online
|t 0
|e HRG-1992-BHU-0010
|h Other scheme
|
| 998 |
f |
f |
|a HRG-1992-BHU-0010
|t 0
|l Available Online
|